| 000 | 00473nam a2200181Ia 4500 | ||
|---|---|---|---|
| 005 | 20250423095509.0 | ||
| 008 | 250422s9999 xx 000 0 und d | ||
| 020 | _a9789391670184 | ||
| 050 | _aTD 192.5 .G46/ | ||
| 100 | _a Inamuddin | ||
| 245 | 0 | _aGenetically engineered organisms in bioremediation | |
| 260 | _aBoca Raton | ||
| 260 | _bCRC Press | ||
| 260 | _c2024 | ||
| 300 | _a437p.: ill. | ||
| 650 | _aBioremediation. Recombinant microorganisms. | ||
| 942 | _cBK | ||
| 999 |
_c30450 _d30450 |
||